USSR figures facts comparisons
Salvato in:
| Autore principale: | |
|---|---|
| Natura: | Libro |
| Lingua: | inglese |
| Pubblicazione: |
Moscow
Novosti Press Agency Publishing House
1967
|
| Tags: |
Nessun Tag, puoi essere il primo ad aggiungerne!!
|
MARC
| LEADER | 00000nam a2200000 4500 | ||
|---|---|---|---|
| 001 | c122484 | ||
| 005 | 20221207071032.4 | ||
| 041 | 0 | |a eng | |
| 044 | |a RU | ||
| 245 | 1 | 0 | |a USSR figures facts comparisons |c Lev Volodcarsky |
| 264 | 1 | |a Moscow |b Novosti Press Agency Publishing House |c 1967 | |
| 300 | |a 151 s. | ||
| 100 | 1 | |a Volodcarsky, Lev | |